000 00606nam a2200217Ia 4500
003 OSt
005 20220928135353.0
006 a|||||r|||| 00| 0
007 ta
008 220927b |||||||| |||| 00| 0 eng d
024 _a1605
037 _cTextual
040 _aSDCL
_cSDCL
_beng
041 _2eng
_aeng
082 _aX:51, L2
100 _aNational Council of Applied Economic Research (New Delhi)
245 0 _aNew perspectives in marketing
260 _c1972
942 _hX:51, L2
_cTEXL
_2CC
999 _c805426
_d805426